Colors that begin with the letter L - Statistics

General Stats
  • This quiz has been taken 659 times
  • The average score is 4 of 10
Answer Stats
Hint Answer % Correct
Lime
90%
Lavender
87%
Lemon
74%
Lilac
74%
Lime Green
25%
Leaf
21%
Linen
16%
Lawn Green
11%
Lemon Chiffon
7%
Lizard
4%
No matching quizzes found
Score Distribution
Percent of People with Each Score
Percentile by Number Answered
Your Score History
You have not taken this quiz